000 00250 a2200109 4500
001 68601
040 _cAnchieta - Itaigara
240 1 0 _aConstruções do poder II
_l
245 1 0 _aConstruções do poder II
650 4 _aGeografia e viagens
942 _cMX
999 _c68601
_d68601